000
00163nam a2200073Ia 4500
008
170817s9999 xx 000 0 und d
100
_a
SINGH V.P.
245
0
_a
PRYAVARAN
260
_b
JYOTI PRA.AGRA
999
_c
36233
_d
36233